000 00580nam a2200133Ia 4500
008 100328s9999 xx 000 0 und d
082 _b59235
100 _aसोनार अनिल.
245 _aदेशा शपथ खरं सांगेन (संमिश्र एकांकिका).
260 _bआभा.
630 _aदेशा शपथ खरं सांगेन (संमिश्र एकांकिका).
730 _aदेशा शपथ खरं सांगेन (संमिश्र एकांकिका).
942 _cBOOK
999 _c545484
_d545481